|
|
|
|
| LEADER |
00000cam a2200000 i 4500 |
| 003 |
Ucuenca |
| 005 |
20230308225529.0 |
| 006 |
a||||fr|||| 001 0 |
| 007 |
ta |
| 008 |
171124s2012 ec aaaaf |||| 001 0 spa a |
| 040 |
|
|
|b spa
|a UCuenca-cdrjbv
|c UCuenca
|e rda
|
| 041 |
0 |
|
|a spa
|
| 082 |
0 |
|
|a 632.7
|2 21
|c 256016
|
| 100 |
1 |
|
|9 215025
|a Fabara Gumpel, Jorge.
|e autor
|
| 245 |
1 |
0 |
|a Plagas y enfermedades de los cultivos de papa, maíz y alfalfa en el área de influencia del canal de riego Ambato Huachi Pelileo identificación y medidas de combate:
|b manual de capacitación para la formación de promotores rurales en protección de cultivo /
|c Jorge Fabara Gumpel.
|
| 250 |
|
|
|a Primera edición.
|
| 264 |
|
1 |
|a Ambato:
|b Universidad Técnica de Ambato,
|c 2012.
|
| 300 |
|
|
|a 151 páginas:
|b ilu
|c 28 cm
|
| 336 |
|
|
|2 rdacontent
|a texto
|b txt
|
| 337 |
|
|
|2 rdamedia
|a no mediado
|b n
|
| 338 |
|
|
|2 rdacarrier
|a volumen
|b nc
|
| 504 |
|
|
|a incl. bib.
|
| 505 |
0 |
|
|a Plagas y enfermedades del cultivo de papa -- Los gusanos de la tierra -- Pulguilla de papa -- Plagas y enfermedades del maíz -- Plaga y enfermedades del cultivo de la alfalfa -- El manejo ecológico del suelo -- Manejo integrado del gusano blanco de la papa.
|
| 650 |
1 |
7 |
|9 14834
|a Plagas
|2 UCuenca-cdrjbv
|
| 650 |
1 |
7 |
|9 98571
|a Enfermedad de las plantas
|2 UCuenca-cdrjbv
|
| 650 |
1 |
7 |
|9 4656
|a Insectos
|2 UCuenca-cdrjbv
|
| 651 |
|
|
|2 UCuenca-cdrjbv
|
| 942 |
|
|
|c BK
|2 ddc
|r patricia.tenesaca@ucuenca.edu.ec
|
| 999 |
|
|
|c 152981
|d 152981
|